Statistics for Pete Davidson Filmography

Click here to take the quiz!

General Stats

  • This quiz has been taken 44 times
    (4 since last reset)
  • The average score is 23 of 78

Answer Stats

TypeYearName% Correct
Web Series2023Bupkis
75%
TV Show2014-2022, 2023Saturday Night Live
75%
Film2020The King of Staten Island
75%
Film2023Transformers: Rise of the Beasts
75%
Film2022Bodies Bodies Bodies
50%
TV Special2015Comedy Central Roast of Justin Bieber
50%
TV Special2016Comedy Central Roast of Rob Lowe
50%
Film2023Good Burger 2
50%
FilmTBARiff Raff
50%
FilmTBAThe Home
50%
Web Series2022The Kardashians
50%
Film2021The Suicide Squad
50%
Film2015Trainwreck
50%
FilmTBAWizards!
50%
TV Show2013Adam DeVine's House Party
25%
TV Show2023American Dad!
25%
Short Film2013Archie Black
25%
Film2019Big Time Adolescence
25%
TV Show2013Brooklyn Nine-Nine
25%
TV Short2017Click, Clack, Moo: Christmas at the Farm
25%
TV Show2014Comedy Underground with Dave Attell
25%
Web Series2019Dressing Funny
25%
Film2023Dumb Money
25%
Web Mini-Series2017Eighty-Sixed
25%
TV Show2013Failosophy
25%
TV Show2014Friends of the People
25%
TV Show2015Funny as Hell
25%
Web Mini-Series2016Give Converse with Pete Davidson
25%
Film2022Good Mourning
25%
TV Show2013, 2017Gotham Comedy Live
25%
Short Film2014Grow a Guy
25%
TV Show2013Guy Code
25%
Commercial2024Hellmann's
25%
Podcast2021Hit Job
25%
Film2022I Want You Back
25%
TV Show2012Just for Laughs: All-Access
25%
TV Show2018Lip Sync Battle
25%
Music Video2018Loco
25%
Commercial2022Manscaped - The Lawn Mower 4.0
25%
Film2022Marmaduke
25%
Film2022Meet Cute
25%
TV Special2021Miley's New Year's Eve Party Hosted by Miley Cyrus and Pete Davidson
25%
TV Show2013, 2017Nick Cannon Presents: Wild 'N Out
25%
TV Show2013Official Standup at the Stand
25%
Director2022Paul Virzi: Nocturnal Admissions
25%
Stand-Up Special2020Pete Davidson: Alive from New York
25%
Stand-Up Special2022Pete Davidson Presents: The Best Friends
25%
Stand-Up Special2016Pete Davidson: SMD
25%
Stand-Up Special2024Pete Davidson: Turbo Fonzarelli
25%
Short Film2015Prom Queen
25%
TV Show2017Saturday Night Live Weekend Update Thursday
25%
Film2014School Dance
25%
Film2018Set It Up
25%
Commercial2021-2022Smartwater
25%
TV Film2014Sober Companion
25%
Commercial2022Taco Bell
25%
TV Special2018Telethon for America
25%
Film2019The Angry Birds Movie 2
25%
Film2019The Dirt
25%
TV Show2020-PresentThe Freak Brothers
25%
TV Show2018The Guest Book
25%
Web Special2022The Hall: Honoring the Greats of Stand-Up
25%
Short Film2015The Jay Z Story
25%
Film2019The Jesus Rolls
25%
TV Show2016The Jim Gaffigan Show
25%
Web Series2022The Kids in the Hall
25%
Web Mini-Series2021The Now
25%
FilmTBAThe Pickup
25%
Web Series2020The Real Bros of Simi Valley
25%
TV Show2020, 2021, 2022The Rookie
25%
Short Film2013TubbyMan
25%
Film2019What Men Want
25%
Web Special2022Who Killed Santa? A Murderville Murder Mystery
25%
Commercial2022Call of Duty: Modern Warfare II
0%
Commercial2022H&M
0%
TV Show2021Harry Potter: Hogwarts Tournament of Heroes
0%
Commercial2022Hellmann's Mayonnaise
0%
TV Special2020It's a Wonderful Life
0%

Score Distribution

Percentile by Number Answered

Percent of People with Each Score

Your Score History

You have not taken this quiz since the last reset